[Event "CRO-chT2 West"]
[Site "Rijeka"]
[Date "2020.10.25"]
[Round "8.4"]
[White "Mravic, Filip"]
[Black "Zagorac, Lara"]
[Result "1-0"]
[WhiteElo "1815"]
[BlackElo "1290"]
[PlyCount "81"]
[EventDate "2020.09.12"]
[EventType "team-tourn"]
[EventRounds "9"]
[EventCountry "CRO"]
[SourceTitle "EXT 2022"]
[Source "ChessBase"]
[SourceDate "2021.10.06"]
[SourceVersion "1"]
[SourceVersionDate "2021.10.06"]
[SourceQuality "1"]
[WhiteTeam "Rijeka II"]
[BlackTeam "Drazice Rjecina"]
[WhiteTeamCountry "CRO"]
[BlackTeamCountry "CRO"]

1. d4 d5 2. c4 e6 3. Nf3 Nf6 4. Nc3 Be7 5. Bf4 a6 6. e3 Nbd7 7. c5 0-0 8. Bd3 Nh5 9. Qc2 h6 10. h3 Nxf4 11. exf4 c6 12. 0-0 Qc7 13. Ne5 Nxe5 14. fxe5 b6 15. b4 f6 16. f4 f5 17. g4 g6 18. Kh1 Bd7 19. Rg1 Kh8 20. gxf5 gxf5 21. Qe2 Be8 22. Qg2 Bd8 23. cxb6 Qf7 24. Na4 a5 25. bxa5 Rxa5 26. b7 Bc7 27. Nc5 Rg8 28. Qxg8+ Qxg8 29. Rxg8+ Kxg8 30. Nxe6 Bb8 31. Bxf5 Ra3 32. Rg1+ Kh8 33. Rg7 Rxa2 34. Rh7+ Kg8 35. Rxh6 Ra1+ 36. Kg2 Ra2+ 37. Kg3 Ra3+ 38. Kg4 Bf7 39. Kg5 Rg3+ 40. Kf6 Bxe6 41. Bxe6+ 1-0

[Event "CRO-chT2 West"]
[Site "Rijeka"]
[Date "2020.10.11"]
[Round "5.4"]
[White "Mravic, Filip"]
[Black "Grbac, Boris"]
[Result "0-1"]
[WhiteElo "1815"]
[BlackElo "2125"]
[PlyCount "122"]
[EventDate "2020.09.12"]
[EventType "team-tourn"]
[EventRounds "9"]
[EventCountry "CRO"]
[SourceTitle "EXT 2022"]
[Source "ChessBase"]
[SourceDate "2021.10.06"]
[SourceVersion "1"]
[SourceVersionDate "2021.10.06"]
[SourceQuality "1"]
[WhiteTeam "Rijeka II"]
[BlackTeam "Porec Gortan"]
[WhiteTeamCountry "CRO"]
[BlackTeamCountry "CRO"]

1. d4 g6 2. Nf3 Bg7 3. g3 d6 4. Bg2 c5 5. e3 Nc6 6. dxc5 Qa5+ 7. Bd2 Qxc5 8. Bc3 Nf6 9. Nbd2 0-0 10. Nb3 Qb6 11. 0-0 a5 12. Nbd4 Nb4 13. b3 e5 14. a3 Nbd5 15. Ne2 Nxc3 16. Nxc3 Be6 17. Na4 Qc7 18. c4 Bd7 19. Nc3 Bc6 20. Rc1 Qd7 21. Re1 Rfd8 22. Nd5 Nxd5 23. cxd5 Bb5 24. a4 Ba6 25. Nd2 Rdc8 26. Nc4 Bxc4 27. bxc4 Rc5 28. Qb3 Qc7 29. e4 Ra6 30. Bf1 Rb6 31. Qa2 f5 32. f3 Rb4 33. Rb1 Qb6 34. Kg2 fxe4 35. fxe4 Rc7 36. Rxb4 Qxb4 37. Rb1 Qc3 38. Qb2 Qe3 39. Qc2 Rf7 40. Rb3 Qd4 41. Rf3 Rxf3 42. Kxf3 Bh6 43. Kg2 Be3 44. Qd3 Qb6 45. Qd1 Bc5 46. Qf3 Kg7 47. Be2 Qb2 48. Qf1 Qc2 49. Qf3 Qxa4 50. Qg4 Qe8 51. Bd1 a4 52. h4 a3 53. Bb3 Qf7 54. Qe2 Qc7 55. Qg4 h5 56. Qg5 Qf7 57. Qd2 Qf8 58. Ba2 Qd8 59. Qg5 Qxg5 60. hxg5 Be3 61. Kf3 Bxg5 0-1

[Event "CRO-chT U20 24th"]
[Site "Sv Filip i Jakov"]
[Date "2015.04.04"]
[Round "11.4"]
[White "Mravic, Filip"]
[Black "Pavic, Filip"]
[Result "1/2-1/2"]
[WhiteElo "1804"]
[BlackElo "2216"]
[PlyCount "60"]
[EventDate "2015.03.30"]
[EventType "team-tourn"]
[EventRounds "11"]
[EventCountry "CRO"]
[SourceTitle "CBM 165 Extra"]
[Source "ChessBase"]
[SourceDate "2015.04.21"]
[SourceVersion "1"]
[SourceVersionDate "2015.04.21"]
[SourceQuality "1"]

1. Nf3 Nf6 2. c4 c5 3. e3 g6 4. d4 Bg7 5. g3 0-0 6. Bg2 cxd4 7. Nxd4 Nc6 8. Ne2 d6 9. Nbc3 Bg4 10. h3 Bd7 11. 0-0 Qc8 12. Kh2 Ne5 13. b3 Bc6 14. Nd4 Bxg2 15. Kxg2 a6 16. Bb2 Rb8 17. Rc1 Qd7 18. Qe2 Nc6 19. Rfd1 Nxd4 20. Rxd4 b5 21. cxb5 axb5 22. Rb4 Qb7+ 23. e4 Qa8 24. f3 d5 25. Nxd5 Nxd5 26. exd5 Bxb2 27. Qxb2 Rfd8 28. Rd1 Rxd5 29. Rxd5 Qxd5 30. Qd4 Rd8 1/2-1/2

[Event "CRO-chT U20 24th"]
[Site "Sv Filip i Jakov"]
[Date "2015.04.01"]
[Round "5.1"]
[White "Vucic, Mihovil"]
[Black "Mravic, Filip"]
[Result "1/2-1/2"]
[WhiteElo "2087"]
[BlackElo "1804"]
[PlyCount "228"]
[EventDate "2015.03.30"]
[EventType "team-tourn"]
[EventRounds "11"]
[EventCountry "CRO"]
[SourceTitle "CBM 165 Extra"]
[Source "ChessBase"]
[SourceDate "2015.04.21"]
[SourceVersion "1"]
[SourceVersionDate "2015.04.21"]
[SourceQuality "1"]

1. e4 e5 2. Nf3 Nf6 3. Nxe5 d6 4. Nf3 Nxe4 5. Nc3 Nxc3 6. dxc3 Be7 7. Be3 Nc6 8. Qd2 Be6 9. 0-0-0 Qd7 10. Kb1 a6 11. Nd4 Nxd4 12. Bxd4 0-0 13. h4 f5 14. Be2 Rad8 15. Rhe1 Bxh4 16. Bf3 f4 17. Rh1 Bg5 18. c4 c6 19. g3 Bxc4 20. Qc3 Be6 21. Be4 Bf5 22. Bxf5 Rxf5 23. gxf4 Bf6 24. Bxf6 Rxf6 25. Qd3 Qf5 26. Qb3+ Rf7 27. Rh4 Re8 28. a3 d5 29. Qf3 Rfe7 30. Rd3 Re4 31. Rh5 Qxf4 32. Qh3 Re1+ 33. Ka2 h6 34. Rh4 Qe5 35. Rg3 Qe6 36. Qg2 d4+ 37. b3 Qf6 38. Rg6 Qe5 39. Rxg7+ Qxg7 40. Rg4 R8e7 41. Qh3 R7e2 42. Rxg7+ Kxg7 43. Kb2 Rd2 44. Qg4+ Kh8 45. Qc8+ Kh7 46. Qxb7+ Kh8 47. Qc8+ Kg7 48. Qc7+ Kg8 49. Qxc6 Ree2 50. Qg6+ Kf8 51. Qxh6+ Ke7 52. Qh7+ Kd8 53. Qg8+ Ke7 54. Qg5+ Kf7 55. Qf5+ Ke7 56. Kc1 Ke8 57. Qg6+ Kd7 58. Qf7+ Kc8 59. Qc4+ Kd8 60. Qd5+ Kc8 61. Qc5+ Kd7 62. Qf5+ Ke8 63. Qc8+ Ke7 64. Qb7+ Ke8 65. Qc6+ Kf7 66. Qd7+ Kf8 67. Qc8+ Ke7 68. Qc5+ Ke8 69. Qh5+ Kd7 70. Qf7+ Kc8 71. Qc4+ Kd7 72. Qd5+ Ke8 73. Qc6+ Ke7 74. Qb7+ Ke8 75. Qb8+ Kd7 76. Qa7+ Ke8 77. Qa8+ Kd7 78. Qd5+ Ke8 79. Qc6+ Ke7 80. Qc5+ Ke8 81. Qc8+ Ke7 82. Qf5 Ke8 83. Qg6+ Kd7 84. Qf7+ Kc8 85. Qf5+ Kb7 86. Qd7+ Kb8 87. Qc6 d3 88. Qb6+ Kc8 89. Qxa6+ Kd7 90. Qb5+ Ke6 91. Qe8+ Kf6 92. Qc6+ Kf7 93. Qc7+ Ke6 94. Qc4+ Kd7 95. Qd5+ Ke8 96. Qc6+ Kf7 97. Qc4+ Ke8 98. cxd3 Ra2 99. Qc3 Rxf2 100. Kb1 Rad2 101. Qc1 Kd7 102. b4 Rxd3 103. b5 Rb3+ 104. Ka1 Rxb5 105. Qd1+ Kc6 106. Qh1+ Rd5 107. Qc1+ Rc5 108. Qh6+ Kb5 109. a4+ Ka5 110. Qe3 Rfc2 111. Qb3 Rc1+ 112. Kb2 R5c2+ 113. Qxc2 Rxc2+ 114. Kxc2 Kxa4 1/2-1/2

[Event "CRO-chT U20 24th"]
[Site "Sv Filip i Jakov"]
[Date "2015.03.31"]
[Round "4.6"]
[White "Mravic, Filip"]
[Black "Makovec, Bruno"]
[Result "0-1"]
[WhiteElo "1804"]
[BlackElo "2054"]
[PlyCount "39"]
[EventDate "2015.03.30"]
[EventType "team-tourn"]
[EventRounds "11"]
[EventCountry "CRO"]
[SourceTitle "CBM 165 Extra"]
[Source "ChessBase"]
[SourceDate "2015.04.21"]
[SourceVersion "1"]
[SourceVersionDate "2015.04.21"]
[SourceQuality "1"]

1. Nf3 c5 2. e3 Nf6 3. d4 g6 4. c4 cxd4 5. exd4 d5 6. Nc3 Nc6 7. h3 Bg7 8. Be2 0-0 9. 0-0 Bf5 10. Be3 Rc8 11. a3 dxc4 12. Bxc4 Na5 13. Bd3 Bxd3 14. Qxd3 Nd5 15. Nd2 Nxc3 16. bxc3 Qd7 17. Rab1 b6 18. Rfc1 Nc4 19. Nxc4 Rxc4 20. Rb3 0-1

[Event "CRO-chT U20 24th"]
[Site "Sv Filip i Jakov"]
[Date "2015.03.30"]
[Round "1.3"]
[White "Saric, Luka"]
[Black "Mravic, Filip"]
[Result "1-0"]
[WhiteElo "1941"]
[BlackElo "1804"]
[PlyCount "51"]
[EventDate "2015.03.30"]
[EventType "team-tourn"]
[EventRounds "11"]
[EventCountry "CRO"]
[SourceTitle "CBM 165 Extra"]
[Source "ChessBase"]
[SourceDate "2015.04.21"]
[SourceVersion "1"]
[SourceVersionDate "2015.04.21"]
[SourceQuality "1"]

1. d4 d5 2. c4 c6 3. Nf3 Nf6 4. Qc2 e6 5. g3 Bd6 6. Bg2 Nbd7 7. 0-0 0-0 8. Nbd2 e5 9. cxd5 cxd5 10. dxe5 Nxe5 11. Nxe5 Bxe5 12. Nf3 Bd6 13. Be3 Be6 14. Bd4 Qe7 15. Ng5 g6 16. Qc3 Nd7 17. Qd2 Be5 18. h4 Rfd8 19. Rac1 Qd6 20. Rfd1 Bxd4 21. Qxd4 Nb6 22. Ne4 Qe7 23. Nf6+ Kf8 24. Nxh7+ Kg8 25. Nf6+ Kf8 26. Nxd5 1-0

[Event "Mediterranean op 7th"]
[Site "Rijeka"]
[Date "2014.11.12"]
[Round "6"]
[White "Dasic, Jelena"]
[Black "Mravic, Filip"]
[Result "0-1"]
[WhiteElo "1642"]
[BlackElo "1795"]
[PlyCount "118"]
[EventDate "2014.11.08"]
[EventType "swiss"]
[EventRounds "9"]
[EventCountry "CRO"]
[SourceTitle "CBM 163 Extra"]
[Source "ChessBase"]
[SourceDate "2014.12.23"]
[SourceVersion "1"]
[SourceVersionDate "2014.12.23"]
[SourceQuality "1"]

1. e4 e5 2. Nc3 Nf6 3. Bc4 Nc6 4. d3 Bc5 5. Be3 Bb6 6. h3 d6 7. Qd2 Be6 8. Bxe6 fxe6 9. Nge2 d5 10. exd5 exd5 11. Bg5 Qd7 12. 0-0-0 0-0-0 13. f4 h6 14. fxe5 hxg5 15. exf6 Qe6 16. Kb1 Be3 17. Qe1 gxf6 18. Qg3 f5 19. Nb5 f4 20. Qg4 Qxg4 21. hxg4 Ne5 22. d4 Nxg4 23. Nxa7+ Kd7 24. Nb5 Nf2 25. Rxh8 Rxh8 26. Rf1 Rh2 27. Ng1 Rxg2 28. Nf3 c6 29. Ne5+ Ke7 30. Na7 Kd8 31. a4 Kc7 32. c3 Kb8 33. Naxc6+ bxc6 34. Nxc6+ Kc7 35. Ne5 Ne4 36. Rh1 Rg1+ 37. Rxg1 Bxg1 38. Kc2 Be3 39. Kd3 Nd6 40. Ng4 Nf5 41. Nf6 Kc6 42. b4 Ne7 43. b5+ Kb7 44. c4 dxc4+ 45. Kxc4 f3 46. Kd3 f2 47. Ke2 Bxd4 48. Ne4 g4 49. Kf1 Kb6 50. Nxf2 g3 51. Ne4 Nf5 52. Kg2 Be5 53. Kh3 Ka5 54. Nd2 Ne3 55. Nf3 g2 56. Ng1 Kxa4 57. Nf3 Kxb5 58. Ng1 Kc4 59. Nf3 Bf4 0-1

[Event "Mediterranean op 7th"]
[Site "Rijeka"]
[Date "2014.11.09"]
[Round "2"]
[White "Mravic, Filip"]
[Black "Radikovic, Anamarija"]
[Result "1-0"]
[WhiteElo "1795"]
[BlackElo "1394"]
[PlyCount "79"]
[EventDate "2014.11.08"]
[EventType "swiss"]
[EventRounds "9"]
[EventCountry "CRO"]
[SourceTitle "CBM 163 Extra"]
[Source "ChessBase"]
[SourceDate "2014.12.23"]
[SourceVersion "1"]
[SourceVersionDate "2014.12.23"]
[SourceQuality "1"]

1. Nf3 d5 2. c4 e6 3. e3 Nf6 4. d4 Nc6 5. Nc3 Be7 6. a3 dxc4 7. Bxc4 Na5 8. Qa4+ c6 9. Bd3 b5 10. Qc2 Qb6 11. 0-0 Bd7 12. b4 Nb7 13. Bd2 h6 14. Ne5 Nd6 15. a4 a6 16. a5 Qa7 17. Ne2 Rc8 18. e4 0-0 19. Be3 Qa8 20. Ng3 Nde8 21. Qd2 Qb7 22. Bxh6 Bxb4 23. Qxb4 gxh6 24. f4 Ng7 25. Qe7 Nge8 26. Nh5 Nxh5 27. Nxd7 Nc7 28. Nxf8 Rxf8 29. Qh4 Qa7 30. Qxh5 Qxd4+ 31. Kh1 Qxd3 32. Qxh6 Rd8 33. h3 Qd2 34. Rf3 Rd3 35. Raf1 Qe2 36. Kh2 Qxe4 37. Rxd3 Qxd3 38. Rf3 Qh7 39. Rg3+ Kh8 40. Qf6+ 1-0

[Event "Opatija op 2nd"]
[Site "Opatija"]
[Date "2014.07.05"]
[Round "8"]
[White "Mravic, Filip"]
[Black "Schmidbauer, Andrea"]
[Result "1/2-1/2"]
[WhiteElo "1799"]
[BlackElo "1887"]
[PlyCount "64"]
[EventDate "2014.06.29"]
[EventType "swiss"]
[EventRounds "9"]
[EventCountry "CRO"]
[SourceTitle "CBM 161 Extra"]
[Source "ChessBase"]
[SourceDate "2014.08.29"]
[SourceVersion "1"]
[SourceVersionDate "2014.08.29"]
[SourceQuality "1"]

1. Nf3 e6 2. c4 f5 3. d4 Nf6 4. e3 d5 5. Bd3 c6 6. 0-0 Bd6 7. Nbd2 0-0 8. b3 Ne4 9. Bb2 Bd7 10. Ne5 Be8 11. f3 Nf6 12. f4 Nbd7 13. c5 Bc7 14. b4 Nxe5 15. fxe5 Bh5 16. Be2 Ng4 17. Bxg4 Bxg4 18. Qe1 Kh8 19. h3 Bh5 20. Bc3 g5 21. a3 Qd7 22. Nb3 Rg8 23. Bd2 Raf8 24. Qf2 Bd8 25. Qg3 Bg6 26. Rf2 f4 27. exf4 gxf4 28. Rxf4 Be4 29. Qf2 Rxf4 30. Bxf4 Qg7 31. Kh2 Rf8 32. Qg3 Qg6 1/2-1/2

[Event "Opatija op 2nd"]
[Site "Opatija"]
[Date "2014.06.29"]
[Round "1"]
[White "Mravic, Filip"]
[Black "Borsos, Bogdan"]
[Result "0-1"]
[WhiteElo "1799"]
[BlackElo "2204"]
[PlyCount "78"]
[EventDate "2014.06.29"]
[EventType "swiss"]
[EventRounds "9"]
[EventCountry "CRO"]
[SourceTitle "CBM 161 Extra"]
[Source "ChessBase"]
[SourceDate "2014.08.29"]
[SourceVersion "1"]
[SourceVersionDate "2014.08.29"]
[SourceQuality "1"]

1. Nf3 d5 2. c4 d4 3. e3 c5 4. exd4 cxd4 5. d3 Nf6 6. g3 e5 7. Bg2 Bb4+ 8. Bd2 Bd6 9. 0-0 0-0 10. Bg5 Nc6 11. a3 a5 12. Nbd2 Bg4 13. Ne4 Be7 14. Re1 Nxe4 15. Bxe7 Qxe7 16. dxe4 Qc5 17. Qd3 a4 18. Nd2 Be6 19. Rac1 Rfd8 20. f4 f6 21. f5 Bf7 22. Rc2 Na5 23. Kf1 Rac8 24. Rec1 Rd6 25. Ke1 Nb3 26. Nxb3 axb3 27. Rd2 b5 28. Qxb3 bxc4 29. Qf3 Qa5 30. Bf1 c3 31. bxc3 Qxa3 32. Rdd1 dxc3 33. Rxd6 Qxc1+ 34. Rd1 Qb2 35. Qe3 Qxh2 36. Rc1 Qb2 37. Be2 c2 38. Qd2 Bb3 39. g4 h6 0-1

[Event "CRO-chT2 West"]
[Site "Croatia"]
[Date "2014.03.30"]
[Round "5.26"]
[White "Mravic, Filip"]
[Black "Samardzic, Nikola"]
[Result "1/2-1/2"]
[WhiteElo "1795"]
[BlackElo "1760"]
[PlyCount "76"]
[EventDate "2014.03.15"]
[EventType "team-tourn"]
[EventRounds "9"]
[EventCountry "CRO"]
[SourceTitle "EXT 2019"]
[Source "ChessBase"]
[SourceDate "2018.10.10"]
[SourceVersion "1"]
[SourceVersionDate "2018.10.10"]
[SourceQuality "1"]
[WhiteTeam "Rijeka CC II"]
[BlackTeam "Rijeka Junior"]
[WhiteTeamCountry "CRO"]
[BlackTeamCountry "CRO"]

1. Nf3 c5 2. c4 g6 3. d4 cxd4 4. Nxd4 Bg7 5. Nc3 Nc6 6. Nxc6 bxc6 7. e4 d6 8. Be2 Nf6 9. 0-0 0-0 10. Be3 Qc7 11. Rc1 Rd8 12. f3 Be6 13. Qa4 Qb7 14. b4 Nd7 15. c5 a5 16. b5 Nxc5 17. Bxc5 dxc5 18. bxc6 Qb4 19. Qxb4 axb4 20. Nb5 Rxa2 21. Bc4 Bxc4 22. c7 Rc8 23. Rxc4 Ra5 24. Rd1 Ra1 25. Rxa1 Bxa1 26. Rxc5 b3 27. Rd5 b2 28. Rd1 Kf8 29. Kf2 Ke8 30. Ke3 b1Q 31. Rxb1 Be5 32. f4 Bxc7 33. Nxc7+ Rxc7 34. Rd1 Ra7 35. g4 Ra2 36. Rd2 Ra3+ 37. Rd3 Ra2 38. Rd2 Ra3+ 1/2-1/2

[Event "CRO-chT2 West"]
[Site "Croatia"]
[Date "2013.03.17"]
[Round "2.36"]
[White "Mravic, Filip"]
[Black "Mainenti, Kevin"]
[Result "0-1"]
[WhiteElo "1791"]
[BlackElo "1764"]
[PlyCount "88"]
[EventDate "2013.03.16"]
[EventType "team-tourn"]
[EventRounds "9"]
[EventCountry "CRO"]
[SourceTitle "EXT 2019"]
[Source "ChessBase"]
[SourceDate "2018.10.10"]
[SourceVersion "1"]
[SourceVersionDate "2018.10.10"]
[SourceQuality "1"]
[WhiteTeam "Rijeka CC II"]
[BlackTeam "Porec Gortan"]
[WhiteTeamCountry "CRO"]
[BlackTeamCountry "CRO"]

1. Nf3 f5 2. d4 Nf6 3. c4 e6 4. Nc3 Bb4 5. a3 Bxc3+ 6. bxc3 0-0 7. e3 b6 8. Bd3 Bb7 9. 0-0 Ne4 10. Qc2 d6 11. Nd2 Nxd2 12. Bxd2 Nd7 13. e4 fxe4 14. Bxe4 Bxe4 15. Qxe4 e5 16. Qd3 Qf6 17. f4 Qf5 18. Qxf5 Rxf5 19. fxe5 Rxf1+ 20. Rxf1 dxe5 21. Re1 Re8 22. Bf4 Kf7 23. Bxe5 Nxe5 24. dxe5 Ke6 25. Rd1 Rf8 26. Rd4 Rf5 27. Rd8 Rxe5 28. Re8+ Kf6 29. Rxe5 Kxe5 30. Kf1 Kd6 31. Ke2 Kc5 32. Kd3 a6 33. a4 c6 34. g4 g5 35. h3 h6 36. Ke4 Kxc4 37. Kf5 b5 38. axb5 cxb5 39. Kg6 Kxc3 40. Kxh6 b4 41. Kxg5 b3 42. Kf6 b2 43. g5 b1Q 44. g6 Qf1+ 0-1

[Event "CRO-chT2 U20 West"]
[Site "Rijeka"]
[Date "2012.04.15"]
[Round "5.32"]
[White "Mravic, Filip"]
[Black "Drozina, Adrian"]
[Result "1-0"]
[WhiteElo "1785"]
[BlackElo "1728"]
[PlyCount "103"]
[EventDate "2012.04.06"]
[EventType "team-tourn"]
[EventRounds "5"]
[EventCountry "CRO"]
[SourceTitle "EXT 2014"]
[Source "ChessBase"]
[SourceDate "2013.11.20"]
[SourceVersion "1"]
[SourceVersionDate "2013.11.20"]
[SourceQuality "1"]

1. Nf3 d6 2. d4 Nf6 3. c4 Nbd7 4. Nc3 e5 5. e4 Be7 6. Be2 0-0 7. 0-0 c6 8. b3 Qc7 9. Qc2 Re8 10. Re1 Bf8 11. d5 a5 12. Ba3 Nh5 13. g3 Ndf6 14. Nd2 Bg4 15. Bxg4 Nxg4 16. Qd3 Nh6 17. Nf1 Qc8 18. Ne3 Be7 19. Rad1 Nf6 20. dxc6 bxc6 21. Bxd6 Rd8 22. c5 Ne8 23. Nc4 Qe6 24. Na4 f6 25. Nab6 Ra6 26. Qe2 Nxd6 27. cxd6 Bxd6 28. Nxd6 Rxb6 29. Qc4 Qxc4 30. Nxc4 Rxd1 31. Rxd1 Rb8 32. Nxa5 c5 33. Rc1 Rb5 34. Nc4 Nf7 35. Kf1 Kf8 36. Ke2 Ke7 37. Rd1 Rb7 38. Rd5 Ra7 39. a4 Rb7 40. Na5 Rc7 41. Kd3 Nd6 42. Nc4 Rc6 43. Nxd6 Rxd6 44. Rxd6 Kxd6 45. Kc4 Kc6 46. a5 g6 47. a6 Kb6 48. f4 exf4 49. gxf4 h6 50. a7 Kxa7 51. Kxc5 Kb7 52. e5 1-0

[Event "EU-ch U14"]
[Site "Batumi"]
[Date "2010.09.23"]
[Round "4"]
[White "Mravic, Filip"]
[Black "Haman, Jakub"]
[Result "1/2-1/2"]
[WhiteElo "1777"]
[BlackElo "2010"]
[PlyCount "61"]
[EventDate "2010.09.20"]
[EventType "swiss"]
[EventRounds "9"]
[EventCountry "GEO"]
[SourceTitle "CBM 138 Extra"]
[Source "ChessBase"]
[SourceDate "2010.10.29"]
[SourceVersion "1"]
[SourceVersionDate "2010.10.29"]
[SourceQuality "1"]

1. Nf3 Nf6 2. c4 g6 3. d4 Bg7 4. Nc3 0-0 5. e4 d6 6. Be2 Nbd7 7. 0-0 e5 8. Be3 Ng4 9. Bg5 f6 10. Bh4 g5 11. Bg3 Nh6 12. dxe5 fxe5 13. Qc2 g4 14. Ne1 Nc5 15. f4 gxf3 16. Nxf3 Be6 17. Rad1 Ng4 18. Bf2 Nxf2 19. Rxf2 Bh6 20. Kh1 Rf7 21. Rff1 Qf8 22. Ng1 Kh8 23. h3 Qg7 24. Rxf7 Bxf7 25. Bf3 Ne6 26. Nge2 Rg8 27. Rf1 c6 28. Qd3 Nd4 29. Nxd4 exd4 30. Ne2 c5 31. Nf4 1/2-1/2

[Event "EU-ch U14"]
[Site "Batumi"]
[Date "2010.09.20"]
[Round "1"]
[White "Mirzoev, Emil"]
[Black "Mravic, Filip"]
[Result "1-0"]
[WhiteElo "2109"]
[BlackElo "1777"]
[PlyCount "67"]
[EventDate "2010.09.20"]
[EventType "swiss"]
[EventRounds "9"]
[EventCountry "GEO"]
[SourceTitle "CBM 138 Extra"]
[Source "ChessBase"]
[SourceDate "2010.10.29"]
[SourceVersion "1"]
[SourceVersionDate "2010.10.29"]
[SourceQuality "1"]

1. d4 d5 2. c4 c6 3. e3 Nf6 4. Nc3 e6 5. Nf3 Nbd7 6. Be2 Bd6 7. 0-0 0-0 8. Qc2 e5 9. cxd5 cxd5 10. Nb5 Bb8 11. dxe5 Nxe5 12. Rd1 a6 13. Nbd4 Qd6 14. h3 Be6 15. Qb3 Nxf3+ 16. Nxf3 b5 17. Qd3 Ne4 18. b3 Rd8 19. Bb2 Qe7 20. Qd4 f6 21. Qd3 Ba7 22. Bd4 b4 23. Bxa7 Qxa7 24. a3 Nc3 25. Rdc1 Bf5 26. Qd2 Nxe2+ 27. Qxe2 Qb6 28. Nd4 Bd7 29. axb4 Qxb4 30. Rxa6 Rxa6 31. Qxa6 Qd2 32. Rc2 Qd1+ 33. Kh2 Qb1 34. Qd6 1-0

[Event "CRO-ch U15 19th"]
[Site "Sibenik"]
[Date "2010.07.03"]
[Round "9"]
[White "Bonca, Pavle"]
[Black "Mravic, Filip"]
[Result "1/2-1/2"]
[WhiteElo "1608"]
[BlackElo "1774"]
[PlyCount "31"]
[EventDate "2010.06.28"]
[EventType "swiss"]
[EventRounds "9"]
[EventCountry "CRO"]
[SourceTitle "CBM 137 Extra"]
[Source "ChessBase"]
[SourceDate "2010.09.01"]
[SourceVersion "1"]
[SourceVersionDate "2010.09.01"]
[SourceQuality "1"]

1. c4 Nf6 2. Nf3 e6 3. g3 d5 4. Bg2 c5 5. cxd5 exd5 6. d4 Nc6 7. 0-0 Be7 8. dxc5 Bxc5 9. Bf4 0-0 10. Nbd2 Bb6 11. Nb3 Be6 12. Nfd4 Qd7 13. Rc1 Nxd4 14. Nxd4 Bh3 15. Nf3 Bxg2 16. Kxg2 1/2-1/2

[Event "CRO-ch U15 19th"]
[Site "Sibenik"]
[Date "2010.06.30"]
[Round "5"]
[White "Pejic, Igor"]
[Black "Mravic, Filip"]
[Result "1-0"]
[WhiteElo "1958"]
[BlackElo "1774"]
[PlyCount "117"]
[EventDate "2010.06.28"]
[EventType "swiss"]
[EventRounds "9"]
[EventCountry "CRO"]
[SourceTitle "CBM 137 Extra"]
[Source "ChessBase"]
[SourceDate "2010.09.01"]
[SourceVersion "1"]
[SourceVersionDate "2010.09.01"]
[SourceQuality "1"]

1. e4 e5 2. Nf3 Nf6 3. Nxe5 d6 4. Nf3 Nxe4 5. Nc3 Nxc3 6. dxc3 Be7 7. Be3 Nc6 8. Qd2 Be6 9. 0-0-0 h6 10. Kb1 Qd7 11. h4 a6 12. Nd4 Nxd4 13. Bxd4 Rg8 14. h5 0-0-0 15. c4 d5 16. c5 Bf8 17. Qa5 c6 18. Be5 f6 19. Bg3 g5 20. hxg6 Rxg6 21. Rd4 Rg4 22. Rh4 Rxg3 23. fxg3 Qc7 24. Qxc7+ Kxc7 25. b4 Rd7 26. g4 Re7 27. Be2 Bg7 28. Bf3 Kd8 29. Rd1 Bd7 30. Rhh1 Re5 31. Rde1 Ke7 32. Kc1 Be8 33. a4 Bg6 34. b5 axb5 35. axb5 Kd7 36. bxc6+ Kxc6 37. c4 Kxc5 38. cxd5 Bf8 39. Rxe5 fxe5 40. Re1 Kd6 41. Kd2 e4 42. Bxe4 Bxe4 43. Rxe4 Kxd5 44. Re8 Bd6 45. Kd3 Bf4 46. Re7 b5 47. Rf7 Bg5 48. Rf5+ Kc6 49. Kc3 Kd6 50. Rxb5 Ke6 51. Kd4 Kf6 52. Ke4 Kg6 53. Rb6+ Bf6 54. Ra6 Kg5 55. Kf3 Kg6 56. Kf4 Kg7 57. Kf5 Bg5 58. Rg6+ Kh7 59. Rxg5 1-0

[Event "CRO-chT U20 19th"]
[Site "Sv Filip i Jakov"]
[Date "2010.04.06"]
[Round "2.43"]
[White "Mravic, Filip"]
[Black "Blazeka, Damjan"]
[Result "0-1"]
[WhiteElo "1769"]
[BlackElo "1991"]
[PlyCount "82"]
[EventDate "2010.04.06"]
[EventType "team-tourn"]
[EventRounds "11"]
[EventCountry "CRO"]
[SourceTitle "EXT 2011"]
[Source "ChessBase"]
[SourceDate "2010.11.26"]
[SourceVersion "1"]
[SourceVersionDate "2010.11.26"]
[SourceQuality "1"]

1. Nf3 Nf6 2. c4 g6 3. Nc3 Bg7 4. d4 d6 5. e4 0-0 6. Be2 e5 7. Be3 exd4 8. Nxd4 Re8 9. f3 c6 10. Qd2 d5 11. cxd5 cxd5 12. Nb3 Be6 13. Bb5 Nc6 14. Nc5 Qc7 15. 0-0 dxe4 16. N5xe4 Rad8 17. Qf2 Nxe4 18. fxe4 Be5 19. g3 Re7 20. Bxc6 bxc6 21. Rfd1 Red7 22. Qf3 Rd3 23. Rxd3 Rxd3 24. Qe2 Bc4 25. Qe1 Qd7 26. Rd1 Bxc3 27. Rxd3 Qxd3 28. bxc3 Qxe4 29. Bf2 Qxe1+ 30. Bxe1 Bxa2 31. Kf2 a5 32. c4 a4 33. c5 f5 34. Ke3 Kf7 35. Kd4 Bd5 36. Bb4 Ke6 37. h4 f4 38. gxf4 Kf5 39. Ke3 Kg4 40. Be1 a3 41. Bc3 Kxh4 0-1

[Event "EU-ch 11th"]
[Site "Rijeka"]
[Date "2010.03.09"]
[Round "4"]
[White "Mravic, Filip"]
[Black "Klasan, Elvis"]
[Result "1/2-1/2"]
[WhiteElo "1718"]
[BlackElo "1995"]
[PlyCount "79"]
[EventDate "2010.03.06"]
[EventType "swiss"]
[EventRounds "11"]
[EventCountry "CRO"]
[SourceTitle "CBM 136"]
[Source "ChessBase"]
[SourceDate "2010.05.18"]
[SourceVersion "1"]
[SourceVersionDate "2010.05.18"]
[SourceQuality "1"]

1. Nf3 d5 2. c4 Nf6 3. e3 c6 4. d4 Bg4 5. Qb3 Qc7 6. Ne5 e6 7. Nc3 Bf5 8. Bd2 Bd6 9. Rc1 dxc4 10. Nxc4 b6 11. g3 Nd5 12. Bg2 Nxc3 13. Bxc3 Be7 14. e4 Bg6 15. d5 exd5 16. exd5 0-0 17. 0-0 b5 18. Ne5 Bd6 19. Nxc6 Nxc6 20. dxc6 Rab8 21. Bb4 Bxb4 22. Qxb4 a5 23. Qf4 Rfc8 24. Rfd1 f5 25. Rd7 Qxf4 26. gxf4 Be8 27. Bd5+ Kf8 28. Rb7 Rxb7 29. cxb7 Rxc1+ 30. Kg2 Rd1 31. b8Q Rxd5 32. Qa8 Rd4 33. Kg3 a4 34. Qc8 Rd3+ 35. f3 Rd5 36. h4 g6 37. Qe6 Bf7 38. Qc6 h5 39. b3 axb3 40. axb3 1/2-1/2

[Event "EU-ch 11th"]
[Site "Rijeka"]
[Date "2010.03.08"]
[Round "3"]
[White "Demel, Paul"]
[Black "Mravic, Filip"]
[Result "1-0"]
[WhiteElo "2155"]
[BlackElo "1718"]
[PlyCount "93"]
[EventDate "2010.03.06"]
[EventType "swiss"]
[EventRounds "11"]
[EventCountry "CRO"]
[SourceTitle "CBM 136"]
[Source "ChessBase"]
[SourceDate "2010.05.18"]
[SourceVersion "1"]
[SourceVersionDate "2010.05.18"]
[SourceQuality "1"]

1. Nf3 d5 2. d4 Nf6 3. c4 c6 4. Nc3 dxc4 5. a4 Bf5 6. e3 e6 7. Bxc4 Bb4 8. 0-0 0-0 9. Qe2 Nbd7 10. e4 Bg4 11. e5 Nd5 12. Nxd5 cxd5 13. Bd3 f5 14. exf6 Qxf6 15. Bb5 Nb8 16. Qe3 Bxf3 17. gxf3 Nc6 18. Bxc6 bxc6 19. Rd1 Rae8 20. Bd2 Qg6+ 21. Kf1 Bd6 22. Rac1 Bxh2 23. Rxc6 Qf5 24. Kg2 Rf6 25. Rdc1 Rg6+ 26. Kf1 Rg1+ 27. Ke2 Rxc1 28. Rxc1 e5 29. Kd1 Bf4 30. Qe2 Bxd2 31. Kxd2 Qf4+ 32. Qe3 Qxd4+ 33. Qxd4 exd4 34. b4 Kf7 35. Kd3 h5 36. Kxd4 g5 37. Kxd5 Re7 38. b5 h4 39. a5 Kf6 40. b6 axb6 41. axb6 Rb7 42. Kc6 Rb8 43. Kc7 Re8 44. b7 Kf5 45. Rc4 h3 46. b8Q Rxb8 47. Kxb8 1-0